[Event "Benasque op"]
[Site "Benasque"]
[Date "1997.??.??"]
[Round "6"]
[White "Delchev, Aleksander"]
[Black "De la Riva Aguado, Oscar"]
[Result "1/2-1/2"]
[WhiteElo "2515"]
[BlackElo "2480"]

1.e4 c5 2.Nf3 Nc6 3.d4 cxd4 4.Nxd4 e6 5.Nc3 Qc7 6.Be2 a6 7.O-O Nf6 8.Kh1 Nxd4
9.Qxd4 Bc5 10.Qd3 b5 11.f4 Bb7 12.Bf3 h5 13.e5 Ng4 14.Bxb7 Qxb7 15.Ne4 Rc8
16.Bd2 Be7 17.a3 Qc6 18.Bb4 f5 19.exf6 gxf6 20.Bxe7 Kxe7 21.Qd4 d5 22.Qb4+ Kd7
23.Rad1 f5 24.Ng5 Qc5 25.Qe1 Qe3 26.Rd2 Qxe1 27.Rxe1 Rhe8 28.Rde2 Rc6 29.Nf3 Rb6  1/2-1/2

[Event "Benasque op"]
[Site "Benasque"]
[Date "1997.??.??"]
[Round "6"]
[White "Hernandez, Gilberto"]
[Black "Al Modiahki, Mohamad"]
[Result "0-1"]
[WhiteElo "2540"]
[BlackElo "2410"]

1.e4 c5 2.Nf3 e6 3.d4 cxd4 4.Nxd4 Nc6 5.Nc3 Qc7 6.g3 a6 7.Bg2 Nf6 8.O-O Bc5
9.Bf4 e5 10.Nb3 exf4 11.Nxc5 fxg3 12.hxg3 d6 13.Nd3 h5 14.Nd5 Qd8 15.Qd2 Kf8
16.Qc3 Nxd5 17.exd5 Ne7 18.Qb4 a5 19.Qb5 h4 20.Rae1 Nf5 21.Nf4 Bd7 22.Qd3 Qf6
23.Re4 Re8 24.Rxe8+ Bxe8 25.c3 Bd7 26.Qf3 Ne7 27.Re1 h3 28.Bh1 h2+ 29.Kf1 Rh6
30.Ke2 Bb5+ 31.Nd3 Qxf3+ 32.Bxf3 Ng6 33.Rh1 Ne5 34.Be4 f5 35.Bxf5 Rh5 36.g4 Rh3
37.f3 Rxf3 38.Rxh2 Bxd3+  0-1

[Event "Berliner Sommer"]
[Site "Berlin"]
[Date "1997.??.??"]
[Round "6"]
[White "Kruszynski, Wlodzimierz"]
[Black "Fogarasi, Tibor"]
[Result "1/2-1/2"]
[WhiteElo "2360"]
[BlackElo "2475"]

1.e4 c5 2.Nf3 e6 3.d4 cxd4 4.Nxd4 Nc6 5.Nc3 Qc7 6.Be3 a6 7.Bd3 Nf6 8.O-O Ne5
9.h3 Bc5 10.Kh1 d6 11.f4 Ng6 12.Qf3 O-O 13.f5 Ne5 14.Qg3 Qe7 15.Rae1 b5 16.Nce2 exf5
17.Nxf5 Bxf5 18.Rxf5 Bxe3 19.Qxe3 Rfe8 20.Ref1 Ned7 21.Ng3 Qe6 22.Qd4 Rac8
23.b3 Rc5 24.R5f2 Qe5 25.Qe3 d5 26.Rf5 Qc7 27.Qf4 Qxf4 28.R5xf4  1/2-1/2

[Event "Berliner Sommer"]
[Site "Berlin"]
[Date "1997.??.??"]
[Round "6"]
[White "Baklan, Vladimir"]
[Black "Ruzele, Darius"]
[Result "1/2-1/2"]
[WhiteElo "2570"]
[BlackElo "2525"]

1.e4 c5 2.Nf3 e6 3.d4 cxd4 4.Nxd4 Nc6 5.Nc3 Qc7 6.g3 a6 7.Bg2 Nf6 8.O-O Nxd4
9.Qxd4 Bc5 10.Qd3 Ng4 11.Qe2 Ne5 12.Kh1 d6 13.f4 Nc6 14.Be3 Bxe3 15.Qxe3 O-O
16.a4 Bd7 17.Rad1 Rfd8 18.Qd2 Be8 19.Rf3 Nb4 20.f5 Qe7 21.f6 Qf8 22.Ne2 Nc6
23.Rb3 Rab8 24.fxg7 Qxg7 25.Rb6 Qe5 26.Nf4 Ne7 27.b3 Bc6 28.Rb4 b5 29.axb5 Rxb5
30.c4  1/2-1/2

[Event "Berliner Sommer"]
[Site "Berlin"]
[Date "1997.??.??"]
[Round "7"]
[White "Lau, Ralf"]
[Black "Kruszynski, Wlodzimierz"]
[Result "1-0"]
[WhiteElo "2495"]
[BlackElo "2360"]

1.e4 c5 2.Nf3 e6 3.d4 cxd4 4.Nxd4 Nc6 5.Nc3 a6 6.Nxc6 bxc6 7.Bd3 Qc7 8.O-O Nf6
9.Qe2 d6 10.f4 e5 11.Kh1 Be7 12.fxe5 dxe5 13.Be3 O-O 14.Na4 Rb8 15.b3 Qa5
16.a3 Be6 17.Bd2 Qc7 18.Bxa6 Rfd8 19.Bc3 Bg4 20.Qe1 Qd6 21.Qg3 Qd7 22.Rae1 Nh5
23.Qxe5 Bxa3 24.Bc4 Rf8 25.Rxf7  1-0

[Event "Mermaid Beach Club"]
[Site "Bermuda"]
[Date "1997.??.??"]
[Round "9"]
[White "Waitzkin, Joshua"]
[Black "Vescovi, Giovanni"]
[Result "0-1"]
[WhiteElo "2440"]
[BlackElo "2490"]

1.e4 c5 2.Nf3 e6 3.d4 cxd4 4.Nxd4 Nc6 5.Nc3 Qc7 6.Be3 a6 7.Bd3 Nf6 8.O-O Ne5
9.h3 Bc5 10.Na4 d6 11.c4 O-O 12.Rc1 b6 13.Bb1 Bb7 14.f3 Rfd8 15.Qd2 d5 16.cxd5 exd5
17.b4 Nc4 18.Qe1 Bf8 19.Nf5 Bc6 20.Rxc4 dxc4 21.Bxb6 Qb8 22.Bxd8 Qxd8 23.e5 Nd5
24.Nc5 g6 25.Qg3 Nxb4 26.Ne4 Bxe4 27.Bxe4 Rc8 28.Nd6 Bxd6 29.exd6 Qb6+ 30.Kh2 Nd3
31.Rd1 Qd4 32.Bxd3 cxd3 33.f4 d2 34.Qa3 Rc1 35.Qxc1 Qxf4+  0-1

[Event "Biel op MTO"]
[Site "Biel"]
[Date "1997.??.??"]
[Round "1"]
[White "Misiano, Franco"]
[Black "Cebalo, Miso"]
[Result "0-1"]
[WhiteElo "2255"]
[BlackElo "2485"]

1.e4 c5 2.Nf3 Nc6 3.d4 cxd4 4.Nxd4 e6 5.Nc3 d6 6.Be3 Nf6 7.f3 Be7 8.Qd2 O-O
9.g4 Nxd4 10.Bxd4 Nd7 11.O-O-O a6 12.h4 b5 13.Qf2 Qc7 14.Kb1 Nc5 15.g5 b4
16.Ne2 Bd7 17.b3 Rfc8 18.Ng3 a5 19.f4 a4 20.Bxc5 Qxc5 21.Qxc5 Rxc5 22.Bd3 Rac8
23.Rh2 d5 24.e5 Bb5 25.Bxb5 Rxb5 26.h5 Rbc5 27.Rd3 h6 28.gxh6 gxh6 29.Nf1 axb3
30.axb3 Rc3 31.Rhd2 Kh7 32.Rxc3 Rxc3 33.Rd3 Rc8 34.Ne3 Rg8 35.Kb2 Bc5 36.Nf1 Rg2
37.Ng3 Rf2 38.f5 Rf4 39.fxe6 fxe6 40.Ne2 Re4 41.Ng3 Rxe5 42.c3 Kg7 43.cxb4 Bxb4
44.Rd4 Bd6 45.Rg4+ Rg5  0-1

[Event "Biel op MTO"]
[Site "Biel"]
[Date "1997.??.??"]
[Round "4"]
[White "Berzinsh, Roland"]
[Black "Lazarev, Vladimir"]
[Result "1-0"]
[WhiteElo "2440"]
[BlackElo "2500"]

1.e4 c5 2.Nf3 Nc6 3.d4 cxd4 4.Nxd4 e6 5.Nc3 Qc7 6.Be3 a6 7.Bd3 Nf6 8.O-O Bd6
9.Nxc6 dxc6 10.f4 e5 11.f5 h5 12.Kh1 Ng4 13.Bg1 Qe7 14.Be2 Nf6 15.Qd3 Bc5
16.Bxc5 Qxc5 17.Rad1 Bd7 18.b4 Qe7 19.a3 a5 20.Qg3 Kf8 21.Rb1 h4 22.Qd3 axb4
23.axb4 Rh6 24.Nd1 c5 25.b5 Ra4 26.c4 g6 27.Nc3 Ra8 28.Rbd1 gxf5 29.exf5 Ra3
30.Qd2 Rh8 31.Nd5 Nxd5 32.Qxd5 Ra2 33.f6 Qe8 34.Qxd7 Rxe2 35.Qxb7  1-0

[Event "Biel op MTO"]
[Site "Biel"]
[Date "1997.??.??"]
[Round "5"]
[White "Kummerow, Heiko"]
[Black "Suetin, Alexey S"]
[Result "1/2-1/2"]
[WhiteElo "2300"]
[BlackElo "2410"]

1.e4 c5 2.Nf3 Nc6 3.d4 cxd4 4.Nxd4 e6 5.Nc3 a6 6.Nxc6 bxc6 7.Bd3 d5 8.O-O Nf6
9.Re1 Be7 10.e5 Nd7 11.Qg4 g6 12.Bh6 Bf8 13.Bxf8 Kxf8 14.Rad1 Rb8 15.b3 Kg7
16.Qg3 Nc5 17.h4 Rb4 18.Bc4 Qe7 19.a3 Rb8 20.Bf1 h5 21.b4 Nd7 22.Ne2 c5 23.c3 a5
24.Nf4 axb4 25.axb4 cxb4 26.Bd3 Rh6 27.cxb4 Rxb4 28.Rc1 Nc5 29.Qg5 Qxg5 30.hxg5 Rh8
31.Nxd5 exd5 32.Rxc5 Be6 33.Ra1 Rg4 34.Ra7 Rxg5 35.f4 Rg4 36.Ra6 Re8 37.f5 gxf5
38.Rd6 Rg6 39.Be2 Rb8 40.Bxh5 Rb1+ 41.Kf2 Rb2+ 42.Kf3 Rb3+ 43.Kf2 Rb2+ 44.Kf3 Rb3+
45.Kf2 Rb2+  1/2-1/2

[Event "Biel op MTO"]
[Site "Biel"]
[Date "1997.??.??"]
[Round "5"]
[White "Haist, Wolfgang"]
[Black "Skripchenko, Almira"]
[Result "1-0"]
[WhiteElo "2245"]
[BlackElo "2385"]

1.e4 c5 2.Nf3 Nc6 3.Nc3 e6 4.d4 cxd4 5.Nxd4 Nf6 6.Ndb5 Bb4 7.a3 Bxc3+ 8.Nxc3 d5
9.exd5 exd5 10.Bd3 O-O 11.O-O h6 12.h3 a6 13.Bf4 d4 14.Ne2 Re8 15.Ng3 Qd5
16.Re1 Rxe1+ 17.Qxe1 Bd7 18.c4 dxc3 19.Qxc3 Be6 20.Re1 Rc8 21.Ne4 Nh5 22.Bh2 Nd4
23.Qd2 Bxh3 24.Qd1 Be6 25.Nd6 Rc7 26.Be4 Qc5 27.Nxb7 Rxb7 28.Bxb7 Nf6 29.Be5 Nf5
30.Qd8+ Kh7 31.Bxf6 gxf6 32.Qxf6 Nd6 33.Bxa6 Qa5 34.Rxe6 fxe6 35.Qe7+  1-0

[Event "Biel op MTO"]
[Site "Biel"]
[Date "1997.??.??"]
[Round "5"]
[White "Bagirov, Rufat"]
[Black "Kharlov, Andrei"]
[Result "0-1"]
[WhiteElo "2325"]
[BlackElo "2565"]

1.e4 c5 2.Nf3 Nc6 3.Nc3 e6 4.d4 cxd4 5.Nxd4 Nf6 6.Ndb5 d6 7.Bf4 e5 8.Nd5 Nxd5
9.exd5 Nb8 10.Be3 a6 11.Nc3 Be7 12.Be2 O-O 13.O-O f5 14.a4 Bg5 15.Bxg5 Qxg5
16.f4 exf4 17.Qd4 Nd7 18.a5 Ne5 19.Rxf4 Bd7 20.Rf2 Rad8 21.Raf1 Qe7 22.Bd3 g6
23.Ne2 Ng4 24.Rf3 Rde8 25.c4 Ne5 26.R3f2 Qg7 27.Qc3 Ng4 28.Rf4 Qe5 29.h3 g5  0-1

[Event "Biel op MTO"]
[Site "Biel"]
[Date "1997.??.??"]
[Round "6"]
[White "Pikula, Dejan"]
[Black "Langeweg, Kick"]
[Result "1-0"]
[WhiteElo "2465"]
[BlackElo "2335"]

1.e4 c5 2.Nf3 e6 3.d4 cxd4 4.Nxd4 Nc6 5.Nc3 Qc7 6.Be3 a6 7.Bd3 b5 8.Qe2 Bb7
9.Nb3 d6 10.f4 Nf6 11.O-O-O Be7 12.Kb1 g6 13.Rhf1 O-O 14.g4 Na5 15.g5 Nd7
16.f5 Rfe8 17.Nxa5 Qxa5 18.Qf2 exf5 19.exf5 Ne5 20.Bd4 Rf8 21.Be4 Bxe4 22.Nxe4 Qc7
23.f6 Bd8 24.Qh4 h5 25.gxh6 Kh7 26.Ng5+ Kh8 27.h7  1-0

[Event "Biel op MTO"]
[Site "Biel"]
[Date "1997.??.??"]
[Round "6"]
[White "Klovans, Janis"]
[Black "Kaenel, Hansjuerg"]
[Result "1/2-1/2"]
[WhiteElo "2465"]
[BlackElo "2355"]

1.e4 c5 2.Nf3 e6 3.d4 cxd4 4.Nxd4 Nc6 5.Nc3 Qc7 6.Be2 a6 7.O-O Nf6 8.Be3 Bb4
9.Na4 O-O 10.c4 Be7 11.Nc3 d6 12.Rc1 Nxd4 13.Qxd4 Nd7 14.Rfd1 b6 15.Rc2 Rd8
16.Rcd2 Bb7 17.e5 Nxe5 18.Qxb6 Qxb6 19.Bxb6 Rdc8 20.b3 d5 21.f4 Bb4 22.Rc1 Nd7
23.Bd4 Nc5 24.Rdd1 dxc4 25.Bxc4 Rd8 26.Kf1 Ne4 27.Nxe4 Bxe4 28.Bb6 Rd2 29.Rxd2 Bxd2
30.Rd1 Bxf4 31.Rd4 Be3 32.Rd8+ Rxd8 33.Bxd8 Bb7 34.b4 Kf8 35.b5 Ke8 36.Ba5 axb5
37.Bxb5+ Ke7 38.a4 Kd6 39.Bc3 f6 40.a5 Kc5 41.Bd3 h6 42.h4 Bd4 43.a6 Ba8
44.Ba5 e5 45.h5 e4 46.Be2 f5 47.Bc7 Kc6 48.Bb8 Kd5 49.Bb5 Ke6 50.g3 Bd5 51.Ke2 Kf6
52.Bf4 Ke7 53.Be3 Be5 54.Kf2 Kd8 55.a7 Ke7 56.Bf4 Bd4+ 57.Be3 Be5 58.Bf4 Bd4+
59.Be3 Be5 60.Kg2 Ba8 61.Kf2 Kf6 62.Be8 Bd5 63.Bg6 Ba8 64.Be8  1/2-1/2

[Event "Bled op18th"]
[Site "Bled"]
[Date "1997.??.??"]
[Round "3"]
[White "Krivec, Jana"]
[Black "Susnik, Matej"]
[Result "1/2-1/2"]
[WhiteElo "2120"]
[BlackElo "2235"]

1.e4 c5 2.Nf3 e6 3.d4 cxd4 4.Nxd4 Nc6 5.Nc3 Qc7 6.g3 a6 7.Bg2 Nf6 8.O-O d6
9.Re1 Be7 10.Nxc6 bxc6 11.e5 dxe5 12.Rxe5 O-O 13.Bf4 Qb7 14.Na4 Nd5 15.Bd2 Qc7
16.Re2 e5 17.Qe1 Bg4 18.Ba5 Qb7 19.Rxe5 Bf6 20.Re4 Bf5 21.Rc4 Qb5 22.Bf1 Bh3
23.Bd3 Bf5 24.Bf1 Bh3 25.Bd3 Bf5 26.Bf1  1/2-1/2

[Event "Clarin GP1 Boca Juniors"]
[Site "Boca"]
[Date "1997.??.??"]
[Round "4"]
[White "German, Gustavo"]
[Black "Musanti, Diego"]
[Result "1-0"]
[WhiteElo "2500"]
[BlackElo "2335"]

1.e4 c5 2.Nf3 e6 3.d4 cxd4 4.Nxd4 Nc6 5.Nc3 d6 6.Be2 Nf6 7.O-O Be7 8.Kh1 O-O
9.f4 a6 10.Nxc6 bxc6 11.e5 Ne8 12.Bd3 g6 13.Qe2 d5 14.Na4 Ng7 15.b3 c5 16.Qf2 Qc7
17.Ba3 d4 18.c3 Rd8 19.Rac1 Bd7 20.Nxc5 Qa5 21.Bb4  1-0

[Event "Bogota Telecom"]
[Site "Bogota"]
[Date "1997.??.??"]
[Round "9"]
[White "Ostos, Julio"]
[Black "Gutierrez, Jose Antonio"]
[Result "0-1"]
[WhiteElo "2320"]
[BlackElo "2320"]

1.e4 c5 2.Nf3 e6 3.Nc3 Nc6 4.d4 cxd4 5.Nxd4 d6 6.g3 a6 7.Bg2 Bd7 8.a4 Nf6
9.Nb3 Be7 10.a5 Ne5 11.f4 Nc4 12.Qe2 Qc7 13.O-O O-O 14.g4 Bb5 15.g5 Nd7 16.Qg4 Rfe8
17.Rf3 d5 18.exd5 Bc5+ 19.Kh1 exd5 20.Rf1 d4 21.Nd5 Qd6 22.Nxc5 Qxc5 23.b3 Ne3
24.Bxe3 Bxf1 25.Rxf1 dxe3 26.b4 Qxc2 27.Re1 Qd2 28.Qg3 Rac8  0-1

[Event "Bolzano op"]
[Site "Bolzano"]
[Date "1997.??.??"]
[Round "?"]
[White "Klundt, Klaus"]
[Black "Johansen, Darryl K"]
[Result "1/2-1/2"]
[WhiteElo "2370"]
[BlackElo "2500"]

1.e4 c5 2.Nf3 e6 3.d4 cxd4 4.Nxd4 Nc6 5.Nc3 d6 6.Be2 Nf6 7.O-O Be7 8.Kh1 a6
9.f4 Qc7 10.Be3 Bd7 11.Qe1 b5 12.a3 Nxd4 13.Bxd4 Bc6 14.Qg3 O-O 15.Rae1 Rad8
16.Bd3 Qb7 17.Qh3 Ne8 18.Nd5 h6 19.Nxe7+ Qxe7 20.e5 dxe5 21.Bxe5 f5 22.Bc3 Nd6
23.Re5 Qd7 24.Ba5 Rde8 25.Bb4 Rf6 26.Bxd6 Qxd6 27.Qe3 Rg6 28.Rf2 Rd8 29.Kg1 Bd5
30.Rd2 Bc6  1/2-1/2

[Event "Bolzano op"]
[Site "Bolzano"]
[Date "1997.??.??"]
[Round "?"]
[White "Klundt, Klaus"]
[Black "Manca, Federico"]
[Result "1-0"]
[WhiteElo "2370"]
[BlackElo "2350"]

1.e4 c5 2.Nf3 e6 3.d4 cxd4 4.Nxd4 Nc6 5.Nc3 Qc7 6.g3 a6 7.Bg2 d6 8.O-O Be7
9.Re1 Bd7 10.Nxc6 bxc6 11.Na4 Rd8 12.c4 c5 13.Nc3 Bf6 14.Bf4 Bd4 15.Ne2 e5
16.Nxd4 cxd4 17.Bg5 Rb8 18.b3 h6 19.Bd2 Nf6 20.Rc1 O-O 21.h3 Bc6 22.g4 Qb7
23.Qe2 Rbe8 24.f3 Kh7 25.Bf1 Ng8 26.b4 Ra8 27.Qd1 Qd7 28.Bd3 Ne7 29.Ra1 Ba4
30.Qe2 Ng6 31.Kh2 Rfc8 32.Rg1 f6 33.Qf2 Nf8 34.f4 Qe7 35.g5 fxg5 36.fxg5 Ne6
37.gxh6 g6 38.Raf1 Be8 39.Qg3 Rc7 40.h4 Nf4 41.Rxf4 exf4 42.Bxf4 Qe6 43.h5 Bf7
44.Bxd6 Rd7 45.e5 Rg8 46.Rg2 Kh8 47.hxg6 Bxg6 48.Bxg6 Rh7 49.Qf4  1-0

[Event "Bourbon Lancy op"]
[Site "Bourbon Lancy"]
[Date "1997.??.??"]
[Round "7"]
[White "David, Alberto"]
[Black "Filippov, Valerij"]
[Result "1-0"]
[WhiteElo "2460"]
[BlackElo "2535"]

1.e4 c5 2.Nf3 e6 3.Nc3 Nc6 4.d4 cxd4 5.Nxd4 Nf6 6.Ndb5 d6 7.Bf4 e5 8.Bg5 a6
9.Na3 b5 10.Bxf6 gxf6 11.Nd5 f5 12.c3 Bg7 13.exf5 Bxf5 14.Nc2 Be6 15.g3 O-O
16.Bg2 a5 17.O-O f5 18.Re1 Rc8 19.Qd2 e4 20.Nf4 Bf7 21.Ne3 Ne7 22.Bh3 Rc5
23.Rad1 Bxa2 24.b4  1-0

[Event "Bourbon Lancy op"]
[Site "Bourbon Lancy"]
[Date "1997.??.??"]
[Round "7"]
[White "Sokolov, Andrei"]
[Black "Tregubov, Pavel V"]
[Result "1-0"]
[WhiteElo "2585"]
[BlackElo "2550"]

1.e4 c5 2.Nf3 e6 3.d4 cxd4 4.Nxd4 Nc6 5.Nc3 Qc7 6.Be3 a6 7.Bd3 Nf6 8.O-O Nxd4
9.Bxd4 Bc5 10.Bxc5 Qxc5 11.Kh1 b5 12.Qd2 Bb7 13.Rae1 b4 14.Na4 Qd4 15.f3 e5
16.c3 bxc3 17.Nxc3 O-O 18.Ne2 Qb6 19.Ng3 Rfe8 20.Bc4 Rad8 21.Nf5 d5 22.Qg5 g6
23.Bb3 Bc8 24.Ne3 Bb7 25.exd5 Nxd5 26.Ng4 Kg7 27.Qh6+ Kg8 28.Qg5 Kg7 29.Qh6+ Kg8
30.Qh4 Kg7 31.Nxe5 f6 32.Nc4 Qb4 33.Qg3 Rxe1 34.Qxe1 Bc6 35.Qxb4 Nxb4 36.Kg1 Bb5
37.Re1 Rd4 38.Re4 Rxe4 39.fxe4 Nd3 40.Nd6 Nxb2 41.Kf2 Bd7 42.Ke3 Kf8 43.Kd4 Ke7
44.Nb7 Bb5 45.Kc3 Na4+ 46.Kb4 Nb2 47.a4 Bf1 48.Kc3 Nxa4+ 49.Bxa4 Bxg2 50.Nc5 a5
51.Kd4 Bf3 52.Bc2 g5 53.Nb7 f5 54.Nxa5 fxe4 55.Bxe4 Be2 56.Bxh7 Kf6 57.Nc6 Bg4
58.Bd3 Bh3 59.Ne5 Bc8 60.Nc4 Bb7 61.Be4 Bc8 62.Ne3 Be6 63.Nf1 Bc8 64.Ng3 Bg4
65.Kd5 Be6+ 66.Kd6 Bg4 67.Bd3 Bf3 68.Be2 Bb7 69.Bg4 Bg2 70.Nh5+ Kg6 71.Ke5 Bh3
72.Bf3 Bc8 73.Ng3 Bd7 74.Bd1 Kg7 75.Ne4 Kg6 76.Nf6  1-0

[Event "Bourbon Lancy op"]
[Site "Bourbon Lancy"]
[Date "1997.??.??"]
[Round "8"]
[White "Movsesian, Sergei"]
[Black "Gofshtein, Leonid D"]
[Result "1-0"]
[WhiteElo "2555"]
[BlackElo "2545"]

1.e4 c5 2.Nf3 Nc6 3.Nc3 e6 4.d4 cxd4 5.Nxd4 Qc7 6.g3 a6 7.Bg2 d6 8.O-O Be7
9.Nde2 b5 10.a3 Nf6 11.h3 Bb7 12.g4 O-O 13.g5 Nd7 14.f4 b4 15.axb4 Nxb4 16.h4 Rfd8
17.f5 exf5 18.exf5 Bxg2 19.Kxg2 Ne5 20.Nd4 d5 21.f6 Bc5 22.Bf4 g6 23.h5 Bxd4
24.Qxd4 Nbc6 25.Bxe5 Qxe5 26.Qh4 Qd4 27.Rf4 Qd2+ 28.Rf2 Qd4 29.Qh3 Ne5 30.hxg6 Qg4+
31.Qxg4 Nxg4 32.Rf4 Ne3+ 33.Kf2 d4 34.gxf7+ Kxf7 35.Ne4 Rac8 36.c3 Nd5 37.Rf3 dxc3
38.bxc3 Rc4 39.g6+ hxg6 40.Ng5+ Ke8 41.f7+  1-0

[Event "Slovan op"]
[Site "Bratislava"]
[Date "1997.??.??"]
[Round "2"]
[White "Todor, Razvan"]
[Black "Priehoda, Vitezslav"]
[Result "1/2-1/2"]
[WhiteElo "2130"]
[BlackElo "2425"]

1.e4 c5 2.Nf3 e6 3.d4 cxd4 4.Nxd4 Nc6 5.Nc3 Qc7 6.Be2 Nf6 7.O-O a6 8.Be3 Bb4
9.Nxc6 bxc6 10.Na4 Rb8 11.Bd3 d5 12.exd5 cxd5 13.c4 Bd6 14.h3 Bd7 15.c5 Be7
16.Rc1 Bb5 17.Nb6 O-O 18.a4 Bxd3 19.Qxd3 a5 20.Qd2 Rfd8 21.Qxa5 d4 22.Bd2 Ne4
23.Nd5 Qd7 24.c6 Qxd5 25.c7 Ra8  1/2-1/2

[Event "Slovan op"]
[Site "Bratislava"]
[Date "1997.??.??"]
[Round "9"]
[White "Pokorna, Regina"]
[Black "Harasta, Vladimir"]
[Result "1/2-1/2"]
[WhiteElo "2195"]
[BlackElo "2145"]

1.e4 c5 2.Nf3 e6 3.d4 cxd4 4.Nxd4 Nc6 5.Nc3 d6 6.Be3 Nf6 7.Be2 Be7 8.O-O O-O
9.Kh1 Bd7 10.f4 Nxd4 11.Qxd4 Bc6 12.Bf3 Qc7 13.Qc4 Rac8 14.Nb5 Bxb5 15.Qxb5 b6
16.c3 Qc4 17.Qxc4 Rxc4 18.Bd4 Nd7 19.Rfd1 Rc7 20.Be3 g6 21.Rd2 f5 22.exf5 gxf5
23.Re1 Rf6 24.Bd4 Rh6 25.g4 fxg4 26.Rg2 Kf7 27.Bxg4 Nf8 28.Be3 Rf6 29.f5 exf5
30.Bh5+ Ng6 31.Bd4 Re6 32.Rxe6 Kxe6 33.Bxg6 hxg6 34.Rxg6+ Kd5 35.Kg2 Bh4
36.Rh6 Be1 37.Rf6 Rg7+ 38.Kf1 Re7 39.Rxf5+ Ke4 40.Rf6 Bd2 41.h3 Bf4 42.Rg6 Kf3
43.Rg2 Bg3 44.Bf2 Bf4 45.Bd4 Bg3 46.Bf2 Bf4  1/2-1/2

[Event "Bratto op"]
[Site "Bratto"]
[Date "1997.??.??"]
[Round "5"]
[White "Samaritani, Fabio"]
[Black "Belotti, Bruno"]
[Result "1/2-1/2"]
[WhiteElo "2220"]
[BlackElo "2405"]

1.e4 c5 2.Nf3 e6 3.d4 cxd4 4.Nxd4 Nc6 5.Nc3 Qc7 6.f4 a6 7.Nxc6 bxc6 8.Bd3 d6
9.O-O Nf6 10.Qe2 Be7 11.Kh1 Nd7 12.Na4 O-O 13.Bd2 e5 14.f5 d5 15.c4 dxe4
16.Bxe4 Rb8 17.b3 Re8 18.Qf3 Bb7 19.Qg3 Nf6 20.Bh6 Bf8 21.Nc3 Kh8 22.Bg5 Be7
23.Rae1 Rbd8 24.Bf3 Rd3 25.Bxf6 Bxf6 26.Ne4 Qe7 27.Rd1 Red8 28.Rxd3 Rxd3
29.Nxf6 gxf6 30.Qh4 Kg7 31.Qg4+ Kh8 32.Qh4 Kg7  1/2-1/2

[Event "NLD-chT sf (Panfox-SMB)"]
[Site "Breda"]
[Date "1997.??.??"]
[Round "1"]
[White "Hommeles, Theo"]
[Black "Timman, Jan H"]
[Result "1-0"]
[WhiteElo "2280"]
[BlackElo "2630"]

1.e4 c5 2.Nf3 e6 3.d4 cxd4 4.Nxd4 Nc6 5.Nc3 a6 6.Be2 Nge7 7.O-O Nxd4 8.Qxd4 Nc6
9.Qd3 Qc7 10.Bg5 Bc5 11.Rad1 O-O 12.a4 f6 13.Be3 b6 14.Qd2 Rd8 15.Nb1 Bb7
16.c3 Ne5 17.b4 Bxe3 18.Qxe3 Bc6 19.f4 Nf7 20.b5 axb5 21.axb5 Bb7 22.Nd2 Ra2
23.Rfe1 Rc8 24.Bf1 Ra4 25.Nc4 Rxc4 26.Bxc4 Qxc4 27.Rxd7 Rc7 28.Red1 Rxd7
29.Rxd7 Qxe4 30.Qxe4 Bxe4 31.c4 e5 32.g3 Bf5 33.Rd2 g5 34.fxg5 Nxg5 35.Rd6 Kf7
36.Rxb6 Ne6 37.Rb7+ Ke8 38.b6 Be4 39.Rxh7 Nc5 40.Rc7 Na6 41.b7  1-0

[Event "NLD-chT f 3/4 (SMB-LSG)"]
[Site "Breda"]
[Date "1997.??.??"]
[Round "2"]
[White "Hendriks, Willy"]
[Black "Kuipers, Eelco"]
[Result "1/2-1/2"]
[WhiteElo "2400"]
[BlackElo "2195"]

1.e4 c5 2.Nf3 e6 3.d4 cxd4 4.Nxd4 Nc6 5.Nc3 Qc7 6.Be3 a6 7.Bd3 Nf6 8.Qe2 b5
9.O-O Bb7 10.f4 Be7 11.e5 Nxd4 12.Bxd4 Nd5 13.Ne4 f5 14.exf6 Nxf6 15.Nxf6+ Bxf6
16.Qh5+ Ke7 17.Be5 Qb6+ 18.Kh1 Raf8 19.Rae1 Kd8 20.Qh3 Bxe5 21.Rxe5 Qd4 22.c3 Qd6
23.Qe3 h6 24.Be2 g5 25.fxg5 Rxf1+ 26.Bxf1 hxg5 27.Qxg5+ Kc8 28.Qe3 Bd5 29.b3 Rf8
30.Kg1 Qc7 31.Rg5 Bc6 32.Bd3 Qd6 33.Qc5 Qf4 34.h3 Qc1+ 35.Kh2 Qf4+ 36.Kg1 Qc1+
37.Kh2  1/2-1/2

[Event "Ciocaltea mem"]
[Site "Bucharest"]
[Date "1997.??.??"]
[Round "6"]
[White "Moldovan, Daniel"]
[Black "Istratescu, Andrei"]
[Result "1/2-1/2"]
[WhiteElo "2435"]
[BlackElo "2545"]

1.e4 c5 2.Nc3 Nc6 3.Nf3 e6 4.d4 cxd4 5.Nxd4 a6 6.Be2 Qc7 7.f4 Bb4 8.Nxc6 bxc6
9.Qd4 Bf8 10.e5 Ne7 11.Qd3 c5 12.Bf3 Rb8 13.O-O c4 14.Qd1 Nf5 15.Ne4 Bb7
16.Kh1 h5 17.Ng5 Be7 18.Bxb7 Qxb7 19.b3 h4 20.Qf3 Qa7 21.Ne4 h3 22.g3 Nd4
23.Be3 Qb6 24.Bxd4 Qxd4 25.c3 Qd5 26.b4 O-O 27.Rad1 Qc6 28.Rd4 a5 29.a3 Qa4
30.Qg4 f5 31.exf6 Bxf6 32.Nxf6+ Rxf6 33.Qxh3 Rbf8 34.Rxc4 Qxa3 35.Qg2 d5
36.Rc7  1/2-1/2

[Event "Budapest"]
[Site "Budapest"]
[Date "1997.??.??"]
[Round "2"]
[White "Roser, Kevin"]
[Black "Belotelov, Dimitri"]
[Result "1/2-1/2"]
[WhiteElo "2255"]
[BlackElo "2225"]

1.e4 c5 2.Nf3 e6 3.d4 cxd4 4.Nxd4 Nc6 5.Nc3 a6 6.Be2 Nge7 7.O-O Nxd4 8.Qxd4 Nc6
9.Qd3 Qc7 10.Bg5 Bd6 11.Kh1 f6 12.Bh4 Ne5 13.Qd2 Ng6 14.Bh5 O-O 15.Bxg6 hxg6
16.f4 b5 17.Rad1 Bc5 18.f5 gxf5 19.exf5 Qc6 20.Qe2 Bb7 21.Qg4 b4 22.Ne2 Qe4
23.Nf4 Qxf5 24.Qxf5 exf5 25.Rxd7 Rf7 26.Rxf7 Kxf7 27.Nd3 Be7 28.Rxf5 Rc8
29.Rf2 Be4 30.Ne1 Bd6 31.Bg3 Bxg3 32.hxg3 Rd8 33.Re2 f5 34.Kg1 Rd1 35.Kf2 Ra1
36.Nd3  1/2-1/2

[Event "Budapest"]
[Site "Budapest"]
[Date "1997.??.??"]
[Round "2"]
[White "Kovacs, Laszlo M"]
[Black "Appleberry, Martin"]
[Result "1/2-1/2"]
[WhiteElo "2365"]
[BlackElo "2240"]

1.e4 c5 2.Nf3 Nc6 3.d4 cxd4 4.Nxd4 e6 5.Nc3 a6 6.Be2 Nge7 7.Be3 b5 8.O-O Nxd4
9.Qxd4 Nc6 10.Qd2 Be7 11.f4 O-O 12.Bf3 d6 13.e5 Qc7 14.exd6 Bxd6 15.Ne4 Be7
16.c3 Rb8 17.Qf2 Na5 18.b3 Nb7 19.Rac1 f5 20.Ng5 Nc5 21.Rfd1  1/2-1/2

[Event "Honved"]
[Site "Budapest"]
[Date "1997.??.??"]
[Round "4"]
[White "Gross, Stefan"]
[Black "Horvath, Jozsef"]
[Result "1/2-1/2"]
[WhiteElo "2340"]
[BlackElo "2535"]

1.e4 c5 2.Nf3 e6 3.d4 cxd4 4.Nxd4 Nc6 5.Nc3 Qc7 6.f4 a6 7.Nxc6 Qxc6 8.Bd3 b5
9.Qe2 Bb7 10.O-O Nf6 11.a3 Bc5+ 12.Be3 O-O 13.Bxc5 Qxc5+ 14.Qf2 Qxf2+ 15.Rxf2 d6
16.Re1 e5 17.fxe5 dxe5 18.a4 bxa4 19.Nxa4 Bc6  1/2-1/2

[Event "Budapest"]
[Site "Budapest"]
[Date "1997.??.??"]
[Round "4"]
[White "Kahn, Evarth"]
[Black "Belotelov, Dimitri"]
[Result "1-0"]
[WhiteElo "2370"]
[BlackElo "2225"]

1.e4 c5 2.Nf3 e6 3.d4 cxd4 4.Nxd4 Nc6 5.Nc3 a6 6.Nxc6 bxc6 7.Bd3 d5 8.O-O Nf6
9.Kh1 Bb4 10.e5 Nd7 11.Qg4 Bf8 12.f4 f5 13.exf6 Nxf6 14.Qg5 Qc7 15.a4 a5
16.Be3 Bd6 17.Bd4 O-O 18.Be5 Ba6 19.Bxa6 Rxa6 20.Rae1 Rb6 21.Rf3 Bxe5 22.fxe5 Ne8
23.Rxf8+ Kxf8 24.Ne2 Rxb2 25.Nd4 Qd7 26.Rf1+ Kg8 27.Qf4 h6 28.Qf8+ Kh7 29.Nb3 Rxc2
30.Rf7 Rb2 31.h3 Qd8 32.Rxg7+ Nxg7 33.Qxd8 Rxb3 34.Qxa5 d4 35.Qc5 Nf5 36.Qxc6 d3
37.Qxe6 Rb1+ 38.Kh2  1-0

[Event "Budapest FS03 IM-A"]
[Site "Budapest"]
[Date "1997.??.??"]
[Round "6"]
[White "Horvath, Adam"]
[Black "Belotelov, Dimitri"]
[Result "1/2-1/2"]
[WhiteElo "2275"]
[BlackElo "2225"]

1.e4 e6 2.d4 c5 3.Nf3 cxd4 4.Nxd4 Nc6 5.Nc3 a6 6.Be2 Nge7 7.Nb3 b5 8.O-O Ng6
9.Be3 Be7 10.f4 O-O 11.Qd2 d6 12.Rad1 Bb7 13.a3 Rc8 14.Qe1 Qc7 15.Qg3 Bf6
16.f5 Nge5 17.Qh3 Qe7 18.Nd4 Nd8 19.Bg4 Nxg4 20.Qxg4 Rc4 21.Rf3 h6 22.Bxh6 Rxd4
23.Bxg7 exf5 24.Bxf8+ fxg4 25.Bxe7 Rxd1+ 26.Nxd1 Bxe7 27.Rf4 Bc8 28.Kf1 Bg5
29.Rf2 Be6 30.Ke2 Nc6 31.Ne3 Ne5 32.b3 Ng6 33.Rf1 Bf4 34.Nf5 Bxh2 35.g3 Ne5
36.Kf2 Bxf5 37.exf5 Nf3 38.Kg2 Kg7 39.Rd1 Bg1 40.Rxd6 Bd4 41.c4 bxc4 42.bxc4 Ne1+
43.Kh2 Nf3+ 44.Kg2 Ne1+ 45.Kh2 Nf3+ 46.Kh1 Be5 47.Rxa6 Bxg3 48.c5 Nh4 49.Ra4 Nxf5
50.Rxg4+ Kf6 51.a4 Bc7 52.Rb4 Ke6 53.Rb7 Kd7 54.a5 Kc6 55.a6 Ne7 56.Kg2 Nc8
57.Kf3 f6 58.Ke4 Be5 59.Rb1 Na7 60.Rb7 Nc8  1/2-1/2

[Event "Budapest FS02 GM"]
[Site "Budapest"]
[Date "1997.??.??"]
[Round "8"]
[White "Wapner, Jonathan"]
[Black "Lingnau, Carsten"]
[Result "0-1"]
[WhiteElo "2290"]
[BlackElo "2395"]

1.e4 c5 2.Nf3 e6 3.d4 cxd4 4.Nxd4 Nc6 5.Nc3 Qc7 6.Be2 a6 7.Be3 b5 8.a3 Bb7
9.f4 d6 10.g4 Rc8 11.g5 Nxd4 12.Qxd4 Ne7 13.Bf3 e5 14.Qd2 exf4 15.Bxf4 Ng6
16.O-O-O Nxf4 17.Qxf4 Be7 18.Bg4 Qd8 19.h4 Rc5 20.Nd5 Bxd5 21.exd5 Rc4 22.Rd4 Rxd4
23.Qxd4 O-O 24.Re1 Re8 25.Re4 Bf8 26.c3 g6 27.Kd2 h5 28.Bh3 Bg7 29.Rxe8+ Qxe8
30.Qe3 Be5 31.Kc2 Qb8 32.Bd7 Kf8 33.Bc6 Qc7 34.Qf2 Qa5 35.Kb1 Qa4 36.Ka2 Qc4+
37.Kb1 Qd3+ 38.Ka2 Qc4+ 39.Kb1 Qe4+ 40.Ka2 Qg4 41.Ka1 a5 42.Qb6 Qxh4 43.Qxa5 Qg3
44.Bd7 h4 45.Qd8+ Kg7 46.Qc8  0-1